Memory, conflict and new media : (Record no. 21792)

MARC details
000 -LEADER
fixed length control field 01270cam a22003135a 4500
001 - CONTROL NUMBER
control field 016898361
003 - CONTROL NUMBER IDENTIFIER
control field OSt
005 - DATE AND TIME OF LATEST TRANSACTION
control field 20160522133051.0
008 - FIXED-LENGTH DATA ELEMENTS--GENERAL INFORMATION
fixed length control field 141014s2014 enka frb 001 0 eng d
020 ## - INTERNATIONAL STANDARD BOOK NUMBER
International Standard Book Number 9781138847613 (pbk.)
040 ## - CATALOGING SOURCE
Original cataloging agency StDuBDS
Language of cataloging eng
Transcribing agency StDuBDS
Modifying agency EG-ScBUE
082 04 - DEWEY DECIMAL CLASSIFICATION NUMBER
Edition number 22
Classification number 303.60947
Item number MEM
245 00 - TITLE STATEMENT
Title Memory, conflict and new media :
Remainder of title web wars in post-socialist states /
Statement of responsibility, etc edited by Ellen Rutten, Julie Fedor, Vera Zvereva.
260 ## - PUBLICATION, DISTRIBUTION, ETC. (IMPRINT)
Place of publication, distribution, etc Oxfordshire ;
-- New York :
Name of publisher, distributor, etc Routledge / Taylor & Francis Group,
Date of publication, distribution, etc 2014.
300 ## - PHYSICAL DESCRIPTION
Extent xv, 265 p. :
Other physical details ill. ;
Dimensions 25 cm.
490 ## - Series Statement
Series statement Media, war and security.
500 ## - GENERAL NOTE
General note Index : p. [261]-265.
504 ## - BIBLIOGRAPHY, ETC. NOTE
Bibliography, etc Includes bibliographical references.
650 #0 - SUBJECT ADDED ENTRY--TOPICAL TERM
Topical term or geographic name as entry element Collective memory
Geographic subdivision Former communist countries.
Source of heading or term BUEsh
650 #7 - SUBJECT ADDED ENTRY--TOPICAL TERM
Topical term or geographic name as entry element Group identity
Geographic subdivision Former communist countries.
Source of heading or term BUEsh
9 (RLIN) 40047
650 #7 - SUBJECT ADDED ENTRY--TOPICAL TERM
Topical term or geographic name as entry element Post-communism
Geographic subdivision Former communist countries.
Source of heading or term BUEsh
9 (RLIN) 40048
650 #7 - SUBJECT ADDED ENTRY--TOPICAL TERM
Topical term or geographic name as entry element Digital media
Geographic subdivision Former communist countries.
Source of heading or term BUEsh
9 (RLIN) 40049
651 #7 - SUBJECT ADDED ENTRY--GEOGRAPHIC NAME
Geographic name Former communist countries
General subdivision Politics and government.
Source of heading or term BUEsh
9 (RLIN) 40050
653 ## - INDEX TERM--UNCONTROLLED
Resource For college BAEPS, Business Administration
Arrived date list May2016
700 1# - ADDED ENTRY--PERSONAL NAME
Personal name Rutten, Ellen,
Dates associated with a name 1975-
Relator term editor.
700 1# - ADDED ENTRY--PERSONAL NAME
Personal name Fedor, Julie,
Relator term editor.
700 1# - ADDED ENTRY--PERSONAL NAME
Personal name Zvereva, V. V.
Fuller form of name (Vera Vladimirovna),
Relator term editor.
942 ## - ADDED ENTRY ELEMENTS (KOHA)
Source of classification or shelving scheme Dewey Decimal Classification
Holdings
Withdrawn status Item status Source of classification or shelving scheme Damaged status Not for loan Vendor Home library Current library Shelving location Date acquired Source of acquisition Cost, normal purchase price Serial Enumeration / chronology Total Checkouts Full call number Barcode Date last seen Cost, replacement price Koha item type
    Dewey Decimal Classification     Alahram Central Library Central Library First floor 22/05/2016 Purchase 360.00 2   303.60947 MEM 000032555 15/07/2025 450.00 Book - Borrowing